Olympics medal table - Boxing - Statistics

General Stats
  • This quiz has been taken 96 times
    30 since last reset
  • The average score is 11 of 16
Answer Stats
Total Gold Silver Bronze Nation % Correct
118 50 27 41 United States
100%
28 6 11 11 France
97%
63 20 15 28 Great Britain
97%
80 42 19 19 Cuba
90%
24 4 9 11 Germany
90%
30 10 5 15 Russia
90%
48 15 15 18 Italy
83%
44 8 10 26 Poland
79%
51 14 19 18 Soviet Union
76%
25 1 9 15 Romania
59%
20 10 2 8 Hungary
55%
24 7 7 10 Argentina
41%
20 5 5 10 Bulgaria
41%
21 3 7 11 South Korea
41%
26 7 8 11 Kazakhstan
31%
20 10 2 8 Uzbekistan
24%
No matching quizzes found
Score Distribution
Percent of People with Each Score
Percentile by Number Answered
Your Score History
You have not taken this quiz since the last reset